1369 1931 1083 1547 1092 1428 1183 1237 1816 1297 1648 1037 1049 1626 1831 1868 1908 1486 1963 1604 1489 1269 1356 1375 1809 1957 1862 1381 1750 1760 1927 1779 1424 1826 1298 1443 1462 1460 1218 1990 1508 1483 1940 1281 1872 1268 1667 1632 1313 1479 1888 1399 1634 1167 1695 1879 1101 1573 1227 1731 1894 1897 1046 1653 1987 1971 1052 1223 1228 1538 1547 1125 1780 1690 1552 1104 1419 1005 1531 1826 1790 1392 1166 1529 1006 1318 1484 1201 1142 1270 1311 1138 1376 1195 1803 1425 1817 1435 1433 BCNSPRNW ULIB Ver.6.0+V

เปลี่ยนเป็นภาษาไทย

Change to English
 แสดงรายละเอียดบรรณานุกรม
  กลับหน้าหลัก

Brief Record : Get Marc (ISO 2709) : E-mail record : QR code < ปิดหน้าต่าง
LEADER : 00000nam 2200000uu 4500
001    13399124345
003     ULIB
008    150511s2554||||th 000 0 tha d
020    ^a9786162141904
099    ^aนว ว257อ
100    ^aวรรณวรรธน์
245    ^aอขิทโร อุบัติมหาคุรเทวา เล่ม
250    ^aพิมพ์ครั้งที่ 1
260    ^aกรุงเทพฯ :^bณ บ้านวรรณกรรม กรุ๊ป,^c2554
300    ^a282 หน้า
650    ^aวรรณวรรธน์^xนิยาย
945    ^p240^l0^i039389
999    ^aเกษร โพธิ์สุวรรณ
รายการนี้ยังไม่มีแท็ก
คุณยังไม่ได้ล็อกอิน คุณสามารถมีกิจกรรมร่วมกับเว็บไซต์ได้ แต่ต้องล็อกอินก่อน ::
  ล็อกอิน

รายการสื่อสารสนเทศ

ลำดับที่ ประเภท เลขเรียก/บาร์โค้ด สถานที่ สถานะ
1. นวนิยาย
นวนิยาย
นว ว257อ ฉ.1 
  Barcode: 039389
ห้องสมุดวิทยาเขตสวรรค์ประชารักษ์
►นวนิยาย
บนชั้น
  ขอยืม

รายการใกล้เคียง
    ผู้แต่ง [วรรณวรรธน์]

BibComment


ยังไม่เคยถูกคอมเมนท์

คอมเมนท์ทรัพยากรรายการนี้
  คอมเมนท์: อขิทโร อุบัติมหา..


 Copyright 2026. Bcnsprnw @Library